Manual de historia universal ó Resumen histórico de los principales estados de Europa, Asia, África, Ámerica y Oceanía (Record no. 154469)

MARC details
000 -LEADER
campo de control de longitud fija 01107nam a22002055i 4500
001 - NÚMERO DE CONTROL
campo de control 154469
003 - IDENTIFICADOR DE NÚMERO DE CONTROL
campo de control ES-MaACL
005 - FECHA Y HORA DE LA ÚLTIMA TRANSACCIÓN
campo de control 20250815062610.0
008 - DATOS DE LONGITUD FIJA--INFORMACIÓN GENERAL
campo de control de longitud fija 010206s1851 sp |||| | spa d
040 ## - FUENTE DE CATALOGACIÓN
Centro catalogador/agencia de origen CCPB | B
Lengua de catalogación spa
Centro/agencia transcriptor CCPB | B
100 1# - ENTRADA PRINCIPAL--NOMBRE DE PERSONA
Nombre de persona Gómez Ranera, Alejandro.
9 (RLIN) 127702
245 10 - MENCIÓN DEL TÍTULO
Título Manual de historia universal ó Resumen histórico de los principales estados de Europa, Asia, África, Ámerica y Oceanía
Resto del título : obra extractada de los historiadores más célebres nacionales y extranjeros /
Mención de responsabilidad, etc. por Alejandro Gómez Ranera.
250 ## - MENCION DE EDICION
Mención de edición 2ª ed. aum. con un epítome de la Historia Sagrada, y los sucesos más notables ocurridos en Europa hasta fin de septiembre de 1850.
260 ## - PUBLICACIÓN, DISTRIBUCIÓN, ETC.
Lugar de publicación, distribución, etc. Madrid :
Nombre del editor, distribuidor, etc. librerías de Hurtado y Sanchez y de Hernando,
Fecha de publicación, distribución, etc. 1851 (
Fabricante imprenta de Alejandro Fuentenebro)
300 ## - DESCRIPCIÓN FÍSICA
Extensión 350 p. ;
Dimensiones 20 cm.
650 #7 - PUNTO DE ACCESO ADICIONAL DE MATERIA--TÉRMINO DE MATERIA
Término de materia o nombre geográfico como elemento de entrada Historia universal
Fuente del encabezamiento o término embne
9 (RLIN) 13429
740 0# - ENTRADA AGREGADA--TÍTULO RELACIONADO/ANALÍTICO NO CONTROLADO
Título relacionado o analítico no controlado Resumen histórico de los principales estados de Europa, Asia, África, Ámerica y Oceanía.
852 ## - LOCALIZACIÓN
Ubicación ES-MaACL
Número de control de estantería G-1046
Nota libre -- Enc. hol.
Encuadernación -- Edic.: este ejemp. tiene [1] h. de map.
Holdings
Estatus retirado Estado de pérdida Estado de daño No para préstamo Colección Biblioteca de origen Biblioteca actual Ubicación en estantería Fecha de adquisición Fuente de adquisición Total de préstamos Signatura topográfica completa Código de barras Visto por última vez Precio de reemplazo Tipo de ítem Koha
        Libros del s. XIX Biblioteca del Ateneo de Madrid Biblioteca del Ateneo de Madrid Depósito 2 17/01/2008     G-1046 1161543 23/02/2023 23/02/2023 Libro impreso antiguo